000 00261 a2200121 4500
001 153898
040 _cEscola São Tomás de Aquino
240 1 0 _aBaby Dinos
_lpor
245 1 0 _aBaby Dinos
440 1 _aSabida
697 _a*LITERATURA INFANTIL
942 _cBK
999 _c153898
_d153898